书目信息 |
| 000 | 00345nam0 2200145 450 | |
| 001 | 0654834421 | |
| 005 | 20060927151726.46 | |
| 100 | @a20060927d km y0chiy0120 ea | |
| 101 | 0 | @achi |
| 200 | 1 | @a技术物理题解@Aji shu wu li ti jie |
| 606 | 0 | @a应用力学 |
| 606 | 0 | @a力学@x应用 |
| 690 | @aO39@v3 | |
| 801 | 0 | @aCN@bNISOFT@c20060927 |
| 905 | @a10447@dO39@e12 | |
| 技术物理题解 |
| ISBN : |
| ● |
| 相关链接 |
|
|
|
|
正题名:技术物理题解
索取号:O39/12
 
预约/预借
| 序号 | 登录号 | 条形码 | 馆藏地/架位号 | 状态 | 备注 |
| 1 | 0422319 | 204223198 | 密集书库/ [索取号:O39/12] | 在馆 | |
| 2 | 0422320 | 204223205 | 密集书库/ [索取号:O39/12] | 在馆 |